| 000 | 00673nam a2200241Ia 4500 | ||
|---|---|---|---|
| 008 | 160216s9999 xx 000 0 und d | ||
| 020 | _a978-1-84541-176-3 | ||
| 050 | _aMAIN G 156.5 | ||
| 050 | _b.H47D35 2011 | ||
| 100 | _aTimothy, Dallen J. | ||
| 245 | _aCultural heritage and tourism : | ||
| 245 | _ban introduction / | ||
| 245 | _cDallen J. Timothy. | ||
| 260 | _aUnited Kingdom : | ||
| 260 | _bChannel View Publications | ||
| 260 | _c2011 | ||
| 300 | _a509 pages : | ||
| 300 | _bIll. ; | ||
| 300 | _c25 cm. | ||
| 440 | _aAspects of tourism texts. | ||
| 500 | _aIncludes bibliographical references and index. | ||
| 650 | _aHeritage tourism. | ||
| 999 |
_c290856 _d290856 |
||